| 000 | 00370nam a2200121 4500 | ||
|---|---|---|---|
| 082 | 0 | _a261.8357 | |
| 100 | 1 | _aTerry, J. O. | |
| 245 | 1 | 0 |
_aGod and woman : _bA chronological Bible storying model for storying the good news to a primarily oral culture Muslim women's worldview _cJ.O. Terry |
| 260 | _cc.1998 | ||
| 300 | _a189 p. | ||
| 700 | 1 | _aTerry, J. O. | |
| 942 |
_2ddc _cBK |
||
| 999 |
_c64419 _d64393 |
||